000 01245cam a2200361 a 4500
001 149640
003 NUST
005 20220607095320.0
008 980604s1999 cauab 001 0 eng
010 _a 98086300
020 _a0376030798
038 _aArshad
040 _aDLC
_cDLC
_dDLC
050 0 0 _aSB453
_b.B383 1999
082 0 0 _a635
_bMOH
100 1 _aMoholt, Carol.
_97864
245 1 0 _aBasic gardening illustrated /
_cby Carol Moholt, Janet Sanchez, and the editors of Sunset Books.
246 1 _iAt head of title:
_aSunset
246 3 0 _aSunset basic gardening illustrated
250 _a4th ed.
260 _aMenlo Park, Calif. :
_bSunset Books,
_cc1999.
300 _a192 p. :
_bcol. ill., col. map ;
_c28 cm.
500 _aRev. ed. of: Sunset introduction to basic gardening. 3rd ed. c1981.
500 _aIncludes index.
650 0 _aGardening.
_97865
700 1 _aSanchez, Janet H.
_97866
710 2 _aSunset Books.
_97867
730 0 _aSunset introduction to basic gardening.
_97868
730 0 _aSunset.
_97869
906 _a7
_bcbc
_corigcop
_d2
_eopcn
_f19
_gy-gencatlg
942 _2ddc
_cBK
999 _c590127
_d590127